Регионална библиотека "Любен Каравелов" - Русе

Journey to the Centre of an Egg [CD аудио] (Запис номер 216605)

MARC детайли
000 -Лидер
Контролно поле с фиксирана дължина 01333njm a2200361 c 4500
003 - Код на организацията, давaща контролен номер
Контролно поле BLK
005 - Дата и час на последна редакция
Контролно поле 20180422121305.0
008 - Елементи от данни с фиксирана дължина
fixed length control field 180410b bul||n||s|||||||| n|bulo|
010 ## - Наследен системен номер
LC control number CDD00000514000
040 ## - Източник на каталожния запис
Идентификатор на билиотеката - собственик на записа BLK
041 ## - Код за език
Код за езика на текст/звукозапис или на отделно заглавие Английски
Код за езика КДБФ Английски
080 ## - УДК
Текстов определител УДК Салонни и танцови оркестри. Естраден оркестър. Джаз. Рок
УДК код - определител по УДК 785.161
УДК определител
УДК - код + определител 785.161
100 1# - Редна дума - Автор
Автор Abou-Khalil, Rabih
Авторска отговорност първи автор
R(LIN) 3140
139 ## - Редно поле
Редна дума Abou-Khalil, Rabih et al.
Авторски знак Abi - A 15
245 10 - Сведения за заглавието
Заглавие Journey to the Centre of an Egg [CD аудио]
Редно поле (дума) Rabih Abou-Khalil; съавт. Joachim Kuhn; уд Rabih Abou-Khalil; пиано Joachim Kuhn; алт саксофон Joachim Kuhn; ударни инстр. Jarrod Cagwin.
257 ## - Страна на издаване
Страна на създаване/издаване Германия
260 ## - Област на издателските данни
-- Munich
Име на издателя, разпространителя и проч. Enja Rec.
Година на издаване 2005
300 ## - Физическа характеристика
Размери/Мащаб 12 cm
Тип мерна единица бр. в к-т
Количество на мерната единица 1 CD
306 ## - Продължителност на изпълнението
Времетраене 52мин. 26сек.
380 ## - Жанр
Жанр Изкуство
650 #4 - Допълнително описание по предмет – тема
Основно описание – тема или топоним Джаз
9 (RLIN) 153283
653 ## - Ключова дума – ненормативна
Ключова дума джаз
700 1# - Други автори (авторска отговорност)
Лично име Kuhn, Joachim
Автороска отговорност (Описва отношението между автора и произведението) съавт.
9 (RLIN) 387556
700 1# - Други автори (авторска отговорност)
Лично име Abou-Khalil, Rabih
Автороска отговорност (Описва отношението между автора и произведението) уд
9 (RLIN) 3140
700 1# - Други автори (авторска отговорност)
Лично име Kuhn, Joachim
Автороска отговорност (Описва отношението между автора и произведението) пиано
9 (RLIN) 387556
700 1# - Други автори (авторска отговорност)
Лично име Kuhn, Joachim
Автороска отговорност (Описва отношението между автора и произведението) алт саксофон
9 (RLIN) 387556
700 1# - Други автори (авторска отговорност)
Лично име Cagwin, Jarrod
Автороска отговорност (Описва отношението между автора и произведението) ударни инстр.
9 (RLIN) 6618
852 ## - Местоположение
Форматна сигнатура Цб CD 1964
Част 0
856 4# - Електронен адрес и достъп
Електронен формат pdf - файл
Път до файла /url/
856 4# - Електронен адрес и достъп
Електронен формат pdf - файл
Път до файла /url/
942 ## - АРТИКУЛИ
Вид на библиотечния материал Компактдискове
Скрит в OPAC Не
944 ## - СЪЗДАВАНЕ И РЕДАКЦИЯ на ЗАПИСА
Създаване/Редакция Създаване
Дата на регистрацията/редакция 27.10.2008
Служител, извършил регистрацията/редакцията Теодора_Стоянова
944 ## - СЪЗДАВАНЕ И РЕДАКЦИЯ на ЗАПИСА
Създаване/Редакция Редакция
Дата на регистрацията/редакция 01.03.2012
Служител, извършил регистрацията/редакцията
999 ## - СИСТЕМНИ КОНТРОЛНИ НОМЕРА
Koha biblionumber 216605
Koha biblioitemnumber 216605
Наличности
Код за отписване Код за изгубен артикул Източник на класификационната схема Код за повреда Коз за рестрикции Код за отдаване Артикулен № Име на библиотеката - собственик Име на библиотеката, в която се намира в момента Статус (Текущо местоположение) Дата на вписване в системата Местоположение - отдел Цена в лева Инвентарен номер Систематично азбучна сигнатура Баркод Номер на екземпляра Цена в евро Служебна бележка Служебен тип на артикула
  Не е изгубен Universal Decimal Classification Не е повреден без рестрикции заемане за дома 387974 Регионална библиотека "Любен Каравелов" Русе Регионална библиотека "Любен Каравелов" Русе Отдел Изкуство - подръчен фонд 2004-01-01 Отдел Изкуство - подръчен фонд 6.00 120000906644 78.036.9/A 15 120000906644 1 3.07 Дост: DA Вид: А Дата: 01.01.2004 Компактдискове
Vip Innovations Ltd, Rousse, Bulgaria 2025